[Event "55th Groningen Open 2017"]
[Site "Groningen NED"]
[Date "2017.12.24"]
[Round "4.11"]
[White "Sparenberg, Erik"]
[Black "Lubbe, Nikolas"]
[Result "0-1"]
[BlackTitle "IM"]
[WhiteElo "2188"]
[BlackElo "2474"]
[WhiteFideId "1013262"]
[BlackFideId "4694031"]
[EventDate "2017.12.22"]

1. e4 c5 2. Nf3 d6 3. d4 cxd4 4. Nxd4 Nf6 5. Nc3 Nc6 6. Bg5 Qb6 7. Nb3 e6 8. Qd2
Be7 9. O-O-O O-O 10. h4 Rd8 11. f3 a6 12. Be3 Qc7 13. Qf2 Nd7 14. g4 b5 15. g5
Nce5 16. h5 b4 17. Ne2 Nc4 18. g6 Nxe3 19. gxf7+ Kxf7 20. Qxe3 Bf6 21. f4 Nb6
22. Ned4 e5 23. Nf3 Bg4 24. f5 Nc4 25. Qe2 Nxb2 26. Rd5 Rac8 27. Rh2 Qc3 28.
Qxa6 Bxf3 29. Rxd6 Bg5+ 30. Kb1 Nd1 31. Qb7+ Kf8 0-1

[Event "55th Groningen Open 2017"]
[Site "Groningen NED"]
[Date "2017.12.24"]
[Round "4.12"]
[White "Maatman, Nick"]
[Black "Godbole, Atharva"]
[Result "1-0"]
[WhiteTitle "FM"]
[WhiteElo "2367"]
[BlackElo "2178"]
[WhiteFideId "1040391"]
[BlackFideId "5059550"]
[EventDate "2017.12.22"]

1. d4 Nf6 2. c4 e6 3. Nf3 b6 4. g3 Ba6 5. Qc2 c5 6. d5 exd5 7. cxd5 Bb7 8. Bg2
Nxd5 9. O-O Be7 10. Rd1 Nc6 11. Qf5 Nf6 12. e4 g6 13. Qf4 O-O 14. e5 Nh5 15. Qg4
Ng7 16. Nc3 Ne6 17. Bh6 Re8 18. Nd5 Rb8 19. h4 Ncd4 20. Nxd4 Nxd4 21. b4 f5 22.
exf6 Bxf6 23. bxc5 bxc5 24. Rab1 Bxd5 25. Bxd5+ Kh8 26. Rxb8 Qxb8 27. Qxd7 Re7
28. Qg4 Qe8 29. Bg5 Qf8 30. Bxf6+ Qxf6 31. Qc8+ Kg7 32. Qxc5 Ne2+ 33. Kg2 Rd7
34. Bb3 Nd4 35. Rd3 h5 36. Ba4 Rd6 37. Qxa7+ Kh6 38. Qc5 Qd8 39. Bd1 Qa8+ 40.
Kg1 Qd8 41. Bf3 Qf6 42. Kg2 Qd8 43. a4 1-0

[Event "55th Groningen Open 2017"]
[Site "Groningen NED"]
[Date "2017.12.26"]
[Round "5.2"]
[White "Bok, Benjamin"]
[Black "Pruijssers, Roeland"]
[Result "1/2-1/2"]
[WhiteTitle "GM"]
[BlackTitle "GM"]
[WhiteElo "2601"]
[BlackElo "2543"]
[WhiteFideId "1017063"]
[BlackFideId "1013068"]
[EventDate "2017.12.22"]

1. d4 Nf6 2. c4 g6 3. g3 c6 4. Nf3 Bg7 5. Bg2 d5 6. b3 O-O 7. O-O dxc4 8. bxc4
c5 9. Bb2 Qb6 10. Qb3 Ne4 11. e3 Nc6 12. Ne5 Nd6 13. Nxc6 bxc6 14. dxc5 Qxc5 15.
Bxg7 Kxg7 16. Nd2 Be6 17. Rfc1 Rab8 18. Qd3 Rfc8 19. Nb3 Qa3 20. c5 Nb5 21. Qe4
Kg8 22. Qe5 Rb7 23. Rd1 1/2-1/2

[Event "55th Groningen Open 2017"]
[Site "Groningen NED"]
[Date "2017.12.26"]
[Round "5.3"]
[White "Postny, Evgeny"]
[Black "Tiviakov, Sergei"]
[Result "1/2-1/2"]
[WhiteTitle "GM"]
[BlackTitle "GM"]
[WhiteElo "2581"]
[BlackElo "2583"]
[WhiteFideId "2804344"]
[BlackFideId "1008013"]
[EventDate "2017.12.22"]

1. Nf3 Nf6 2. c4 b6 3. g3 Bb7 4. Bg2 e6 5. O-O Be7 6. d4 O-O 7. d5 exd5 8. Nh4
c6 9. cxd5 Nxd5 10. Nf5 Nc7 11. Nc3 Ne6 12. e4 d6 13. b3 Nd7 14. Re1 Bf6 15. Bb2
Ba6 16. Bf1 Bxf1 17. Kxf1 d5 18. exd5 cxd5 19. Rb1 Bxc3 20. Bxc3 Nf6 21. Bb2 Re8
22. Rc1 Ne4 23. h4 Nd6 24. Qxd5 Nxf5 25. Qxf5 Qd2 26. Qc2 Rad8 27. Re2 Qd5 28.
Kg1 Nc5 29. Rce1 Rxe2 30. Qxe2 h5 31. Qe3 f6 32. Ba3 Nd3 33. Rd1 Kh7 34. Rd2 Qf5
35. Bb2 Rd7 36. Bd4 Ne5 37. Bxe5 Rxd2 38. Qxd2 Qxe5 39. Qd3+ 1/2-1/2

[Event "55th Groningen Open 2017"]
[Site "Groningen NED"]
[Date "2017.12.26"]
[Round "5.4"]
[White "Rahul, Srivatshav P"]
[Black "Kryakvin, Dmitry"]
[Result "1/2-1/2"]
[BlackTitle "GM"]
[WhiteElo "2331"]
[BlackElo "2580"]
[WhiteFideId "25059653"]
[BlackFideId "4153278"]
[EventDate "2017.12.22"]

1. d4 d5 2. c4 c6 3. Nc3 Nf6 4. e3 Bf5 5. Qb3 Qb6 6. cxd5 Qxb3 7. axb3 Nxd5 8.
Nxd5 cxd5 9. Bd2 Nc6 10. Nf3 e6 11. Bb5 Bd6 12. Ne5 Bxe5 13. dxe5 Kd7 14. Ke2 a6
15. Bxc6+ Kxc6 16. Rhc1+ Kd7 17. Bb4 Rac8 18. Kd2 f6 19. Bd6 g5 20. Rxc8 Rxc8
21. Rc1 Rxc1 22. Kxc1 g4 23. Bb8 Ke7 24. Kd2 Be4 25. g3 Kf7 26. Kc3 Kg6 27. Kd4
Kf5 28. b4 h5 1/2-1/2

[Event "55th Groningen Open 2017"]
[Site "Groningen NED"]
[Date "2017.12.26"]
[Round "5.5"]
[White "Schoppen, Casper"]
[Black "Ernst, Sipke"]
[Result "1/2-1/2"]
[WhiteTitle "IM"]
[BlackTitle "GM"]
[WhiteElo "2395"]
[BlackElo "2532"]
[WhiteFideId "1046730"]
[BlackFideId "1004689"]
[EventDate "2017.12.22"]

1. d4 Nf6 2. c4 e6 3. Nf3 d5 4. Nc3 Bb4 5. Bg5 dxc4 6. e4 b5 7. a4 c5 8. axb5
cxd4 9. Bxf6 Qxf6 10. Qxd4 Qxd4 11. Nxd4 Bb7 12. f3 Nd7 13. Nc2 Bc5 14. Bxc4 Ke7
15. O-O-O Rhc8 16. Be2 Rc7 17. Kb1 Bd6 18. Nd4 Nb6 19. g3 g5 20. Bd3 Be5 21.
Nde2 Rd8 22. Bc2 Nc4 23. Rxd8 Kxd8 24. Rd1+ Rd7 25. Rxd7+ Kxd7 26. f4 Bc7 27. e5
h6 28. Kc1 Bf3 29. Nd4 Bg2 30. Be4 Bh3 31. Bd3 Ne3 32. Ne4 Nd5 33. fxg5 Bxe5 34.
Nc6 Bg7 35. Kc2 Bg2 36. gxh6 Bxh6 37. Nxa7 f5 38. Nc5+ Kd6 39. Na6 Be3 40. Nc6
Bg1 41. h4 Bf2 42. h5 Nf6 43. h6 Bxc6 44. bxc6 Kxc6 45. h7 1/2-1/2

[Event "55th Groningen Open 2017"]
[Site "Groningen NED"]
[Date "2017.12.26"]
[Round "5.6"]
[White "Kokje, Joris"]
[Black "Kislinsky, Alexey"]
[Result "0-1"]
[BlackTitle "GM"]
[WhiteElo "2282"]
[BlackElo "2513"]
[WhiteFideId "1051024"]
[BlackFideId "14108801"]
[EventDate "2017.12.22"]

1. d4 Nf6 2. c4 c5 3. d5 b5 4. cxb5 a6 5. bxa6 g6 6. Nc3 Bxa6 7. e4 Bxf1 8. Kxf1
d6 9. Nf3 Bg7 10. g3 O-O 11. Kg2 Qb6 12. Qe2 Qb7 13. Rd1 Na6 14. Nd2 Nc7 15. a4
Rfb8 16. Nc4 Qa6 17. Ra3 Nd7 18. Bg5 Bxc3 19. Rxc3 f6 20. Qg4 Qxa4 21. Bh6 Nf8
22. h4 Qd7 23. Qf4 Nb5 24. Rb3 Nd4 25. Rxb8 Rxb8 26. Ra1 g5 27. hxg5 Ng6 28. Qe3
Nc2 29. Qc1 Nxa1 30. Qxa1 Qg4 31. Nxd6 Nf4+ 32. Kg1 Ne2+ 33. Kg2 Nxg3 34. Qa7
Ne2+ 35. Kf1 Qg1+ 36. Kxe2 Rxb2+ 0-1

[Event "55th Groningen Open 2017"]
[Site "Groningen NED"]
[Date "2017.12.26"]
[Round "5.7"]
[White "Anurag, Mhamal"]
[Black "Pel, Bonno"]
[Result "1/2-1/2"]
[WhiteTitle "GM"]
[BlackTitle "FM"]
[WhiteElo "2488"]
[BlackElo "2247"]
[WhiteFideId "5024366"]
[BlackFideId "1004760"]
[EventDate "2017.12.22"]

1. d4 d6 2. Nf3 g6 3. e4 Bg7 4. Bc4 Nf6 5. Qe2 Nc6 6. e5 dxe5 7. dxe5 Ng4 8. e6
f5 9. O-O Qd6 10. c3 Nce5 11. Bf4 Nxf3+ 12. Qxf3 Be5 13. h3 Bxf4 14. hxg4 fxg4
15. Qxg4 O-O 16. Na3 a6 17. Rad1 Qe5 18. g3 Bh6 19. Qh4 Bg5 20. Qh2 b5 21. Bd5
Rb8 22. Nc2 Qe2 23. f4 Qxh2+ 24. Kxh2 Bf6 25. Nb4 Rb6 26. Rfe1 a5 27. Nc6 Bb7
28. Nxa5 Bxd5 29. Rxd5 Ra8 30. Nb3 Rxa2 31. Rd2 b4 32. c4 Rxb2 33. Rxb2 Bxb2 34.
g4 Bc3 35. Re3 Kg7 36. g5 Ra6 37. Rd3 Rxe6 38. Kg3 h6 39. gxh6+ Kxh6 40. Kg4 Re4
41. Nc5 Rxc4 42. Ne6 Kh7 43. Rd7 Bf6 44. Nxc7 g5 45. Nd5 Kg6 46. Rb7 e6 47. Nxb4
Rxf4+ 48. Kg3 Rd4 49. Rb5 Be7 50. Nc6 Bd6+ 51. Kf3 Rd5 52. Rb7 Rf5+ 53. Kg2 Kf6
54. Nd8 Be7 55. Nc6 Bc5 56. Nd8 Rd5 57. Nf7 Rd2+ 58. Kf3 Rf2+ 59. Kg3 Rf4 60.
Nh6 Bf2+ 61. Kg2 Kg6 62. Ng8 Bd4 63. Ne7+ Kh5 64. Nc6 Bc5 65. Ne5 Kh6 66. Nf7+
Kg6 67. Ne5+ Kf5 68. Nd3 Bd6 69. Rb5+ e5 70. Nxf4 gxf4 71. Kf3 Be7 72. Rd5 Bf6 1/2-1/2

[Event "55th Groningen Open 2017"]
[Site "Groningen NED"]
[Date "2017.12.26"]
[Round "5.8"]
[White "Lubbe, Nikolas"]
[Black "Stoyanov, Tsvetan"]
[Result "1/2-1/2"]
[WhiteTitle "IM"]
[BlackTitle "FM"]
[WhiteElo "2474"]
[BlackElo "2242"]
[WhiteFideId "4694031"]
[BlackFideId "2917173"]
[EventDate "2017.12.22"]

1. d4 Nf6 2. Nf3 g6 3. Bf4 Bg7 4. Nc3 d5 5. Nb5 Na6 6. e3 c6 7. Nc3 Nc7 8. Be2
O-O 9. h3 Ne6 10. Be5 Re8 11. O-O Nf8 12. Bh2 Bf5 13. g4 Be6 14. Ng5 h6 15. Nxe6
Nxe6 16. f4 c5 17. f5 Ng5 18. Nb5 Qb6 19. Nc7 Nxh3+ 20. Kg2 Ng5 21. Nxa8 Rxa8
22. Rb1 Nfe4 23. c3 Rc8 24. Bd3 Qc6 25. Qe2 c4 26. Bc2 b5 27. Bf4 Re8 28. Bxg5
Nxg5 29. Qf2 e5 30. f6 exd4 31. cxd4 Bh8 32. Rbe1 Qe6 33. Qf4 Bxf6 34. Qxf6 1/2-1/2

[Event "55th Groningen Open 2017"]
[Site "Groningen NED"]
[Date "2017.12.26"]
[Round "5.9"]
[White "Kuipers, Stefan"]
[Black "Weggen, Jeroen"]
[Result "1-0"]
[WhiteTitle "IM"]
[WhiteElo "2440"]
[BlackElo "2126"]
[WhiteFideId "1018400"]
[BlackFideId "1027980"]
[EventDate "2017.12.22"]

1. e4 e5 2. Nf3 d6 3. d4 exd4 4. Nxd4 Nf6 5. Nc3 Be7 6. Be2 O-O 7. O-O Re8 8.
Re1 Bf8 9. Bf1 Nbd7 10. Bg5 c6 11. a4 h6 12. Bh4 Ne5 13. h3 a5 14. g4 g5 15. Bg3
Qb6 16. Re3 Bg7 17. Kh1 Bd7 18. Qd2 Rad8 19. Rae1 h5 20. f3 Bc8 21. Nf5 hxg4 22.
hxg4 Kh7 23. Nxd6 Kg6 24. Nxc8 Rxc8 25. Bd3 Rh8+ 26. Kg2 Nfd7 27. Ne2 Nc5 28. f4
Ncxd3 29. cxd3 Nxg4 30. Rf3 f6 31. d4 Qb4 32. Qxb4 axb4 33. Rb3 Rce8 34. f5+ Kf7
35. Kf3 Nh2+ 36. Kg2 Ng4 37. Rxb4 b5 38. Kf3 Bf8 39. Rb3 Nh2+ 40. Kg2 Ng4 41.
axb5 cxb5 42. Nc3 b4 43. Nd5 Rc8 44. e5 Rc2+ 45. Kf3 Nh2+ 46. Ke4 fxe5 47. dxe5
Bc5 48. e6+ 1-0

[Event "55th Groningen Open 2017"]
[Site "Groningen NED"]
[Date "2017.12.26"]
[Round "5.10"]
[White "Schippers, Maurice"]
[Black "Beerdsen, Thomas"]
[Result "0-1"]
[BlackTitle "IM"]
[WhiteElo "2302"]
[BlackElo "2419"]
[WhiteFideId "1004735"]
[BlackFideId "1030108"]
[EventDate "2017.12.22"]

1. e4 c5 2. Nf3 a6 3. c4 Nc6 4. d4 cxd4 5. Nxd4 e6 6. Nc3 Qc7 7. Be2 Nf6 8. O-O
h5 9. Nxc6 dxc6 10. f4 Bc5+ 11. Kh1 e5 12. f5 Bd7 13. Bg5 O-O-O 14. Qc1 Rdg8 15.
Rb1 Ng4 16. Bxg4 hxg4 17. Be3 Bd4 18. Ne2 c5 19. Nc3 Rh5 20. g3 Rgh8 21. Rf2
Bxc3 22. Qxc3 Qc6 23. Qxe5 Bxf5 24. Kg1 Bxe4 25. Qxg7 Bxb1 26. Rxf7 Bg6 27. Rf6
Qh1+ 0-1

[Event "55th Groningen Open 2017"]
[Site "Groningen NED"]
[Date "2017.12.26"]
[Round "5.11"]
[White "Hommes, Elmar"]
[Black "Maatman, Nick"]
[Result "0-1"]
[BlackTitle "FM"]
[WhiteElo "2039"]
[BlackElo "2367"]
[WhiteFideId "1017136"]
[BlackFideId "1040391"]
[EventDate "2017.12.22"]

1. Nf3 Nf6 2. c4 c5 3. g3 d5 4. cxd5 Nxd5 5. Bg2 Nc6 6. Nc3 Nc7 7. O-O e5 8. d3
Be7 9. Be3 O-O 10. Rc1 Bd7 11. a3 Rc8 12. Nd2 Kh8 13. Nce4 b6 14. Nc4 f5 15.
Ned6 Rb8 16. a4 a6 17. Qb3 b5 18. axb5 axb5 19. Bxc6 bxc4 20. Qxc4 Bxd6 21. Bxd7
Qxd7 22. Bxc5 Bxc5 23. Qxc5 Nd5 24. Rc4 Rfc8 25. Qa5 Ra8 26. Rfc1 Re8 27. Qd2 h6
28. e4 Nf6 29. Rc7 Qd8 30. Rf7 Nxe4 31. Qe3 Ng5 32. Rxf5 Qd7 33. g4 Rf8 34. h4
Rxf5 35. gxf5 Nh7 36. Qxe5 Nf6 37. Rc7 Ra1+ 38. Kg2 Qd5+ 39. Qxd5 Nxd5 40. Rb7
Nf4+ 41. Kf3 Nxd3 42. Ke3 Nc5 43. Rc7 Nb3 44. Rc8+ Kh7 45. Rb8 Re1+ 46. Kf4 Nc5
47. b4 Nd7 48. Rb7 Nf6 49. f3 Nd5+ 50. Kg3 Rg1+ 51. Kf2 Rb1 52. Rd7 Nf6 53. Rb7
Rb2+ 54. Kg3 Kg8 55. Rb8+ Kf7 56. Rb7+ Kf8 57. b5 Nd5 58. h5 Rb4 59. Kf2 Rb2+
60. Kg3 Nf6 61. Kf4 Nxh5+ 62. Ke5 Nf6 63. Ke6 Kg8 64. Rb8+ Kh7 65. b6 h5 66. Kd6
h4 67. Kc6 Rc2+ 68. Kd6 Rb2 69. Kc6 h3 70. Ra8 h2 71. Ra1 Nh5 72. b7 Ng3 73. f6
gxf6 74. Ra2 h1=Q 75. Rxb2 Qc1+ 0-1

[Event "55th Groningen Open 2017"]
[Site "Groningen NED"]
[Date "2017.12.26"]
[Round "5.12"]
[White "Kathmale, Sameer"]
[Black "Warmerdam, Max"]
[Result "0-1"]
[WhiteTitle "IM"]
[BlackTitle "FM"]
[WhiteElo "2264"]
[BlackElo "2356"]
[WhiteFideId "5024498"]
[BlackFideId "1048104"]
[EventDate "2017.12.22"]

1. e4 c5 2. Nf3 Nc6 3. c3 Nf6 4. e5 Nd5 5. Bc4 Nb6 6. Bb3 d5 7. exd6 Qxd6 8. O-O
Be6 9. Na3 Bxb3 10. Qxb3 Qd3 11. Qb5 Rd8 12. Qxc5 e5 13. Qe3 Bxa3 14. bxa3 O-O
15. Qxd3 Rxd3 16. Rb1 Rfd8 17. Ne1 R3d7 18. Nc2 Na4 19. Re1 f6 20. g3 b6 21. Nb4
Nxb4 22. axb4 b5 23. Rb3 Rd3 24. Re4 Rc8 25. Kf1 Rd5 26. g4 Rd3 27. Ke2 Rh3 28.
c4 Rxh2 29. d3 Rh1 30. Bd2 a6 31. c5 Ra1 32. Ra3 Kf7 33. f4 exf4 34. d4 g5 35.
d5 Re8 36. Rxe8 Kxe8 37. Rh3 Rxa2 38. d6 Nb2 39. c6 Nc4 40. d7+ Kd8 41. Rd3 f3+
42. Kxf3 Nxd2+ 43. Ke3 Rc2 44. Rxd2 Rxc6 45. Ke4 Rc4+ 46. Kf5 Rxb4 47. Rd6 a5
48. Ke6 Re4+ 49. Kd5 Rxg4 50. Rxf6 Kxd7 51. Rf7+ Ke8 52. Rxh7 Kf8 53. Ke5 Rf4
54. Rb7 b4 55. Ra7 b3 56. Rxa5 b2 57. Rb5 Rf2 58. Ke4 g4 59. Ke3 g3 60. Rb7 Kg8
61. Rb4 Kf7 62. Rb6 Kg7 63. Rb4 Kf6 64. Rb5 Kg6 65. Rb3 Kf5 66. Rb4 Ke5 0-1

[Event "55th Groningen Open 2017"]
[Site "Groningen NED"]
[Date "2017.12.27"]
[Round "6.1"]
[White "Tiviakov, Sergei"]
[Black "Plat, Vojtech"]
[Result "1/2-1/2"]
[WhiteTitle "GM"]
[BlackTitle "GM"]
[WhiteElo "2583"]
[BlackElo "2567"]
[WhiteFideId "1008013"]
[BlackFideId "325740"]
[EventDate "2017.12.22"]

1. e4 c5 2. Nf3 Nc6 3. c3 Nf6 4. e5 Nd5 5. Bc4 Nb6 6. Bb3 d5 7. exd6 c4 8. Bc2
e5 9. d4 cxd3 10. Qxd3 Qxd6 11. Qe2 Be6 12. Nbd2 Be7 13. O-O f5 14. Rd1 Qc7 15.
Bb3 Bxb3 16. Nxb3 O-O 17. Be3 Rad8 18. Bxb6 axb6 19. Rxd8 Rxd8 20. Rd1 Rxd1+ 21.
Qxd1 Qd8 22. Qe2 Qd5 23. Nfd2 b5 24. Nf1 e4 25. Ne3 Qe5 26. Nd4 f4 27. Nec2 Nxd4
28. Nxd4 e3 29. Kf1 Bc5 30. Qxb5 Qh5 31. Nf3 Qf5 32. fxe3 fxe3 33. Qe8+ Bf8 34.
Ke2 Qc2+ 35. Kxe3 Qxb2 36. Qe6+ Kh8 37. Qc8 Kg8 38. Qc4+ Kh8 39. Qc8 Kg8 40.
Qc4+ Kh8 41. g3 b6 42. Kf4 h6 43. Kg4 Qf2 44. Qf7 Bc5 45. Qe8+ Kh7 46. Qe4+ g6
47. a4 Kg7 48. Qd3 Qa2 49. Qd7+ Kf6 50. Qc6+ Kg7 51. Qd7+ Kf6 52. Qd8+ Kg7 53.
Qc7+ Kg8 54. Qb8+ Kg7 55. Qb7+ Kf6 56. Qe4 Qf2 57. Qe5+ Kf7 58. Qd5+ Kg7 59. Qd3
Qa2 60. Qd7+ 1/2-1/2

[Event "55th Groningen Open 2017"]
[Site "Groningen NED"]
[Date "2017.12.27"]
[Round "6.2"]
[White "Turov, Maxim"]
[Black "Bok, Benjamin"]
[Result "1/2-1/2"]
[WhiteTitle "GM"]
[BlackTitle "GM"]
[WhiteElo "2618"]
[BlackElo "2601"]
[WhiteFideId "4120086"]
[BlackFideId "1017063"]
[EventDate "2017.12.22"]

1. Nf3 d5 2. g3 c6 3. Bg2 Bg4 4. h3 Bh5 5. O-O Nd7 6. d3 Ngf6 7. Qe1 e5 8. e4
dxe4 9. dxe4 a5 10. Nbd2 a4 11. Nc4 Qc7 12. Nh4 Bc5 13. Kh1 O-O 14. f4 b5 15.
Nxe5 Nxe5 16. fxe5 Qxe5 17. Rf5 Qe7 18. Bg5 Bg6 19. e5 Qe6 20. exf6 Bxf5 21. Qc3
Be4 22. Qxc5 Qxh3+ 23. Kg1 Bxg2 24. Nxg2 Rfe8 25. Bf4 Re2 26. Qxc6 Rae8 27. Rf1
g5 28. Bxg5 h6 29. Bf4 R8e4 30. Rf2 Re1+ 31. Rf1 R1e2 32. Rf2 Re1+ 33. Rf1 1/2-1/2

[Event "55th Groningen Open 2017"]
[Site "Groningen NED"]
[Date "2017.12.27"]
[Round "6.3"]
[White "Pruijssers, Roeland"]
[Black "Postny, Evgeny"]
[Result "0-1"]
[WhiteTitle "GM"]
[BlackTitle "GM"]
[WhiteElo "2543"]
[BlackElo "2581"]
[WhiteFideId "1013068"]
[BlackFideId "2804344"]
[EventDate "2017.12.22"]

1. e4 c6 2. d4 d5 3. exd5 cxd5 4. c4 Nf6 5. Nc3 g6 6. cxd5 Nxd5 7. Qb3 Nb6 8.
Bb5+ Bd7 9. Nf3 Bg7 10. O-O O-O 11. Re1 Bxb5 12. Nxb5 Nc6 13. Bg5 h6 14. Bh4 g5
15. Bg3 Qd5 16. h4 Qxb3 17. axb3 a6 18. Nc7 Rad8 19. hxg5 hxg5 20. Nxa6 g4 21.
Nh4 bxa6 22. Rxa6 Bxd4 23. Nf5 Nb4 24. Nxe7+ Kh7 25. Ra5 N6d5 26. Nf5 Nc6 27.
Ra4 Nb6 28. Ra6 Nb4 29. Ra7 Rd5 30. Re4 Rxf5 31. Rxg4 Bc5 32. Rb7 N6d5 33. Rc4
Nd3 34. Rb5 Nf6 35. Kf1 Re8 36. f3 Bf2 0-1

[Event "55th Groningen Open 2017"]
[Site "Groningen NED"]
[Date "2017.12.27"]
[Round "6.4"]
[White "Kryakvin, Dmitry"]
[Black "Maatman, Nick"]
[Result "1-0"]
[WhiteTitle "GM"]
[BlackTitle "FM"]
[WhiteElo "2580"]
[BlackElo "2367"]
[WhiteFideId "4153278"]
[BlackFideId "1040391"]
[EventDate "2017.12.22"]

1. c4 e6 2. Nc3 d5 3. d4 Nf6 4. cxd5 exd5 5. Bg5 Be7 6. e3 c6 7. Qc2 O-O 8. Bd3
Nbd7 9. Nf3 Re8 10. O-O Nf8 11. h3 Ng6 12. Ne5 Nd7 13. Bxe7 Qxe7 14. f4 Ndxe5
15. dxe5 b6 16. Qf2 Qh4 17. Rad1 Qxf2+ 18. Kxf2 Bb7 19. Bxg6 hxg6 20. e4 dxe4
21. Nxe4 Ba6 22. Rfe1 Rad8 23. Rd6 Bc4 24. Rxc6 Bxa2 25. Rc7 a5 26. Nd6 Rf8 27.
Ke3 f6 28. Re7 g5 29. g3 fxe5 30. fxe5 g4 31. hxg4 Bd5 32. Nf5 Rf7 33. e6 Rxe7
34. Nxe7+ Kf8 35. Ng6+ Ke8 36. Kf4 Bb3 37. Nh4 Rd5 38. g5 Rd4+ 39. Kf5 Rd5+ 40.
Kg6 Bc2+ 41. Kxg7 Rxg5+ 42. Kf6 Rc5 43. g4 Rc4 44. Nf5 1-0

[Event "55th Groningen Open 2017"]
[Site "Groningen NED"]
[Date "2017.12.27"]
[Round "6.5"]
[White "Kislinsky, Alexey"]
[Black "Schoppen, Casper"]
[Result "1-0"]
[WhiteTitle "GM"]
[BlackTitle "IM"]
[WhiteElo "2513"]
[BlackElo "2395"]
[WhiteFideId "14108801"]
[BlackFideId "1046730"]
[EventDate "2017.12.22"]

1. e4 e5 2. Nf3 Nc6 3. Bc4 Nf6 4. d4 exd4 5. e5 d5 6. Bb5 Ne4 7. Nxd4 Bd7 8.
Bxc6 bxc6 9. O-O Bc5 10. f3 Ng5 11. Be3 O-O 12. f4 Ne4 13. Nd2 Nxd2 14. Qxd2 Bb6
15. Nb3 f6 16. Bc5 Re8 17. Rae1 fxe5 18. fxe5 Qh4 19. Rf4 Qh5 20. Qf2 h6 21. Bd4
Re7 22. Nc5 Bxc5 23. Bxc5 Re6 24. Rf5 Qg6 25. Re3 Ree8 26. Rf4 Qh5 27. h3 a6 28.
Rg3 Be6 29. Qd4 Kh8 30. Kh2 Qe2 31. Qa4 Qb5 32. Qa3 Rg8 33. Qe3 Kh7 34. Rh4 Qf1
35. Rf3 Qd1 36. Rf6 1-0

[Event "55th Groningen Open 2017"]
[Site "Groningen NED"]
[Date "2017.12.27"]
[Round "6.6"]
[White "Warmerdam, Max"]
[Black "Kuipers, Stefan"]
[Result "1/2-1/2"]
[WhiteTitle "FM"]
[BlackTitle "IM"]
[WhiteElo "2356"]
[BlackElo "2440"]
[WhiteFideId "1048104"]
[BlackFideId "1018400"]
[EventDate "2017.12.22"]

1. e4 e6 2. d4 d5 3. Nc3 Nf6 4. Bg5 dxe4 5. Nxe4 Be7 6. Bxf6 Bxf6 7. Nf3 Nd7 8.
c3 O-O 9. Bd3 e5 10. Nxf6+ Qxf6 11. O-O exd4 12. Nxd4 g6 1/2-1/2

[Event "55th Groningen Open 2017"]
[Site "Groningen NED"]
[Date "2017.12.27"]
[Round "6.7"]
[White "Beerdsen, Thomas"]
[Black "Rahul, Srivatshav P"]
[Result "0-1"]
[WhiteTitle "IM"]
[WhiteElo "2419"]
[BlackElo "2331"]
[WhiteFideId "1030108"]
[BlackFideId "25059653"]
[EventDate "2017.12.22"]

1. e4 c5 2. Nf3 e6 3. g3 Nc6 4. Bg2 d5 5. exd5 exd5 6. O-O Nf6 7. d4 cxd4 8.
Nxd4 Be7 9. Nc3 O-O 10. Be3 Bg4 11. f3 Bd7 12. Kh1 Re8 13. Bg1 h6 14. Qd2 Ne5
15. Rad1 Bb4 16. Nde2 Nc4 17. Qc1 Bc6 18. Bd4 Ba5 19. b3 Nd6 20. Nf4 Bxc3 21.
Bxc3 Nf5 22. Rfe1 Rxe1+ 23. Bxe1 Qb6 24. Qd2 Ne3 25. Bf2 d4 26. Bxe3 dxe3 27.
Qd4 Qa5 28. Qxe3 Re8 29. Qd4 Qxa2 30. Qc3 Qa3 31. h4 Qe7 32. Kg1 g5 33. hxg5
hxg5 34. Nh3 Nd5 35. Qd2 Ne3 36. Re1 g4 37. Nf2 gxf3 38. Ng4 Qg5 39. Rxe3 Qxg4
40. Rxe8+ Bxe8 41. Qd1 f2+ 0-1

[Event "55th Groningen Open 2017"]
[Site "Groningen NED"]
[Date "2017.12.27"]
[Round "6.8"]
[White "De Jong, Migchiel"]
[Black "Ernst, Sipke"]
[Result "1/2-1/2"]
[WhiteTitle "IM"]
[BlackTitle "GM"]
[WhiteElo "2331"]
[BlackElo "2532"]
[WhiteFideId "1002848"]
[BlackFideId "1004689"]
[EventDate "2017.12.22"]

1. d4 Nf6 2. Nf3 d5 3. c4 e6 4. g3 Bb4+ 5. Bd2 Be7 6. Bg2 O-O 7. Qc2 c6 8. O-O
Nbd7 9. b3 b6 10. a4 Ba6 11. a5 b5 12. c5 Ne4 13. Nc3 f5 14. Na2 Bb7 15. Nb4 a6
16. Nd3 Qe8 17. Bf4 g5 18. Bc7 Rc8 19. Bb6 g4 20. Nfe5 Nxe5 21. Nxe5 Ng5 22.
Rae1 Bf6 23. f4 Ne4 24. Bxe4 dxe4 25. e3 Kh8 26. b4 Rg8 27. Qa2 h5 28. Kf2 h4
29. Ke2 Rg7 30. Rh1 Qe7 31. Kd1 Rcg8 32. Reg1 Bxe5 33. fxe5 Rh7 34. Qf2 Rg6 35.
h3 hxg3 36. Rxg3 Rgh6 37. Qf4 Rh4 38. Qf1 Bc8 39. Rh2 R7h6 40. Qf2 Bd7 41. Ke1
Be8 42. Kf1 Bf7 43. Kg1 Bg6 44. Rgg2 Rxh3 45. Rxh3 gxh3 46. Rg3 h2+ 47. Kh1 Kh7
48. Rg2 Bh5 49. Qg3 Rg6 50. Qh3 Rh6 51. Qg3 Bg6 52. Rxh2 Bh5 53. Rh3 Bg4 54.
Rxh6+ Kxh6 55. Kg1 Kg6 56. Kf2 Qh7 57. Bd8 Qh1 58. Qf4 Kf7 59. d5 exd5 60. e6+
Ke8 61. Bf6 Qf3+ 62. Qxf3 exf3 63. Bh4 f4 64. exf4 d4 65. Bf6 d3 66. Bc3 Ke7 67.
f5 Bxf5 68. Kxf3 Kxe6 69. Ke3 Kd7 70. Be1 Kc8 71. Bd2 1/2-1/2

[Event "55th Groningen Open 2017"]
[Site "Groningen NED"]
[Date "2017.12.27"]
[Round "6.9"]
[White "Stoyanov, Tsvetan"]
[Black "Anurag, Mhamal"]
[Result "0-1"]
[WhiteTitle "FM"]
[BlackTitle "GM"]
[WhiteElo "2242"]
[BlackElo "2488"]
[WhiteFideId "2917173"]
[BlackFideId "5024366"]
[EventDate "2017.12.22"]

1. e4 e5 2. Nf3 Nc6 3. Bc4 Bc5 4. d3 Nf6 5. O-O a6 6. c3 Ba7 7. Nbd2 d6 8. Bb3
Na5 9. Bc2 c5 10. Re1 h6 11. Nf1 Nc6 12. Ng3 Be6 13. h3 Rc8 14. Nh4 g6 15. Nf3
Kf8 16. b3 Kg7 17. Bb2 Nh7 18. d4 cxd4 19. cxd4 Ng5 20. d5 Nb4 21. Bb1 Bxh3 22.
gxh3 Nxh3+ 23. Kg2 Nf4+ 24. Kf1 Qd7 25. Ng1 Qb5+ 26. N1e2 Qc5 27. Nh1 Nh3 28.
Qd2 Nxf2 29. Neg3 Nxh1 30. Nxh1 Qg1+ 31. Ke2 Qg4+ 32. Kf1 Qg1+ 33. Ke2 Qg4+ 34.
Kf1 Nc2 35. Bxc2 Qh3+ 36. Ke2 Qh5+ 37. Kd3 Qf3+ 38. Re3 Bxe3 39. Qxe3 Qxe3+ 40.
Kxe3 Rxc2 41. Rb1 f5 42. Nf2 f4+ 43. Kf3 g5 44. Ba3 Rd8 45. Rc1 Rxc1 46. Bxc1 h5
47. Nd3 g4+ 48. Kf2 h4 49. Bb2 h3 50. Kg1 Kg6 51. Bxe5 dxe5 52. Nxe5+ Kh5 53.
Nd3 g3 54. e5 h2+ 55. Kh1 f3 0-1